000 00814nam a22002417a 4500
003 OSt
005 20250821105746.0
008 250711b |||||||| |||| 00| 0 eng d
020 _a9783031170492 (Paperback)
_cUSD 53.00
040 _aNUST
_beng
_cNUST
_dNUST
_erda
050 _aQC527 MAR
100 _aMartinka, Jozef
_eAuthor
245 _aFire hazards of electrical cables /
_cJosef Martinka.
260 _aSwitzerland :
_bSpringer,
_c©2022.
300 _axvii, 102 pages :
_bIllustrations ;
_c25 cm.
336 _2rdamedia
_atext
_btxt
337 _2rdamedia
_aunmediated
_bn
338 _2rdamedia
_avolume
_bnc
440 _aSpringerBriefs in fire.
504 _aIncludes bibliographical references.
650 _aElectrical cables-Fire hazards.
942 _2lcc
_cBOOKS
_hQC527 MAR
_kQC
_mMAR
_n0
999 _c172224
_d172224